000 01592nam0a22003131 4500
001 rc\3632238
005 20130115144919.2
021 _aRU
_b[69-108467]
035 _a(NLR Aleph) 007825408
090 _a7757562
_c7757562
100 _a20130115d1969 |||y0rusy50 ca
101 0 _arus
102 _aRU
105 _ay z |||||
200 1 _aМеталлургические шлаки для дорожного строительства
_e[Доклад
_fЦентр. правл. НТО автомоб. транспорта и дор. хоз-ва. М-во трансп. строительства СССР. Гос. всесоюз. дор. науч.-исслед. ин-т "Союздорнии". Науч.-техн. конференция о развитии дор. строительства с использованием укрепл. каменных материалов
210 _aМосква
_cБ. и.
_d1969]
215 _a7 с.
_d20
300 _aОписано по 2-й с.
300 _aПеред загл. авт.: М.И. Волков, И.В. Королев, В.М. Кириченко и др.
300 _aНа тит. л. только надзаголовок
606 _aМеталлургические шлаки
_xПрименение в дорожном строительстве
_2psbo
701 1 _aКоролев
_bИ. В.
701 1 _aВолков
_bМ. И.
_gМихаил Иванович
701 1 _aКириченко
_bВ. М.
801 0 _aRU
_bNLR
_gpsbo
801 1 _aRU
_bELAR
_2rusmarc
852 _aNLR
_j69-4/30946
942 _cBOOK
980 _aNB